Statistics for Countries by Landscape Pictures

Click here to take the quiz!

General Stats

  • This quiz has been taken 46 times
    (16 since last reset)
  • The average score is 15 of 24

Answer Stats

Answer% Correct
Egypt
100%
Mexico
100%
China
93%
Finland
93%
United States of America
93%
Australia
79%
Ireland
79%
Italy
79%
Canada
71%
Japan
71%
Mongolia
71%
Turkey
64%
United Kingdom
64%
Germany
57%
Iceland
57%
Spain
57%
Argentina
50%
Norway
50%
South Africa
43%
Thailand
43%
Brazil
36%
Chile
29%
Portugal
21%
Netherlands
0%

Score Distribution

Percentile by Number Answered

Percent of People with Each Score

Your Score History

You have not taken this quiz since the last reset